| 000 | 00766nam a22001937a 4500 | ||
|---|---|---|---|
| 003 | BD-DhUL | ||
| 005 | 20160829150448.0 | ||
| 008 | 160114s1380 bg |||| |||| 00| 0 ben | ||
| 040 |
_aBD-DhUL _cBD-DhUL |
||
| 082 | 0 |
_a915.9 _bSUR |
|
| 100 | 1 | _aসুনীতিকুমার চট্টোপাধ্যায় | |
| 245 | 1 | 0 |
_aরবীন্দ্র-সংগমে দ্বীপময় ভারত ও শ্যাম-দেশ/ _cসুনীতিকুমার চট্টোপাধ্যায় |
| 250 | _a২য় সং. | ||
| 260 |
_aকলিকাতা : _bপ্রকাশ ভবন, _c১৩৮০. |
||
| 300 |
_a৬৭২ পৃ. ; _c২৩ সেমি. |
||
| 650 | 0 | _aভারত | |
| 650 | 0 | _aIndia | |
| 942 |
_2ddc _cBK |
||
| 999 |
_c102398 _d102398 |
||